Hans Kruus und die deutsch-estnische Kontroverse
| Titel: | Hans Kruus und die deutsch-estnische Kontroverse |
|---|---|
| Verfasser: | |
| Beteiligt: | |
| In: |
Zwischen Konfrontation und Kompromiss, (1995), Seite 155-170 alle Artikel anzeigen |
| Veröffentlicht: | 1995 |
| Format: | Aufsatz |
| Sprache: | Deutsch |
X
alg: 39286985 001A $01999:11-11-16 001B $01999:12-03-21 $t19:07:19.000 001D $01999:11-11-16 001U $0utf8 001X $00 002@ $0Aox 003@ $0392869853 007A $0392869853 $aHEB 007T $0Herde05410 010@ $ager 011@ $a1995 021A $aHans Kruus und die deutsch-estnische Kontroverse 028A $aKivimäe $dSirje 028B/01 $aKivimäe $dJüri 031A $h155-170 $j1995 039B $aIn $8--Aau--. Zwischen Konfrontation und Kompromiss. - München : Oldenbourg, 1995. - 263 S.. - ISBN 3-486-56047-6 $x199500000000000845 $9050523201 045F $a907.2094798 $eDDC23BSB 045F/01 $a907.2 045F/03 $g4798 lok: 39286985 78 exp: 39286985 78 1 #EPN 201B/01 $017-09-18 $t22:44:22.000 201U/01 $0utf8 203@/01 $0788980122 208@/01 $a11-11-16 $be 209A/01 $a/ $f000 $x00 220C/01 $aTitelaufnehmer: pk 220C/01 $aHerkunft: Baltische Bibliographie / P. Kaegbein 244Z/01 $2Trx $#Estija $#Igaunija $#Estland $#Estonia $#Estonia $#Estónsko $#Estonsko $8--Trx--Eesti $x01 $9391237225 244Z/01 $#Tartu $#Dorpat $#Dorpat Tartu $#Derpt $#Tartu, Töörahva Saadikute Nõukogu $#TSN $#Tartu, Sovet Trudjašcichsja Deputatov $#Tartu Linna TSN Täitevkomitee $#Töörahva Saadikute Nõukogu Tartu $#Sovet Trudjašcichsja Deputatov Tartu $71029285-8 $8--Tg1--Tartu $x02 $9042051304 244Z/01 $2Trx $8--Trx--Kruus, Hans$Z1891-1976 $x03 $9390911968 244Z/01 $2Trx $#ajaloo teadused $#istorijos mokslai $#History and historical sciences $#történelem tudományok $#nauki historyczne $#vedy historické $#vědy historické $8--Trx--Geschichtswissenschaften $x04 $9391353942 244Z/01 $2Trx $8--Trx--Einzelbeiträge $x05 $9391384570 245Z/01 $a01.04 $x01 247C/01 $82080>Marburg/Lahn, Herder-Institut, Forschungsbibliothek, Bibliographieportal $9336309341
| LEADER | 00000caa a22000002c 4500 | ||
|---|---|---|---|
| 001 | 392869853 | ||
| 003 | DE-603 | ||
| 005 | 20210312190719.0 | ||
| 007 | tu | ||
| 008 | 161111s1995 xx |||| | u00||u|ger c | ||
| 035 | |a (DE-599)HEB392869853 | ||
| 040 | |a DE-603 |b ger |c DE-603 |d DE-603 | ||
| 041 | |a ger | ||
| 082 | 0 | 4 | |8 1\u |a 907.2094798 |q DE-101 |2 23/BSB |
| 085 | |8 1\u |b 907.2 | ||
| 085 | |8 1\u |z 2 |s 4798 | ||
| 100 | 1 | |a Kivimäe, Sirje | |
| 245 | 0 | 0 | |a Hans Kruus und die deutsch-estnische Kontroverse |
| 264 | 0 | |c 1995 | |
| 700 | 1 | |a Kivimäe, Jüri | |
| 773 | 0 | 8 | |i In |t Zwischen Konfrontation und Kompromiss |d München : Oldenbourg, 1995 |h 263 S. |z 3486560476 |g (1995), Seite 155-170 |w (DE-603)050523201 |
| 924 | 0 | |9 2080 |a (DE-603)788980122 |b DE-2080 |c HES |d d |g / | |


